000 004500000a22001690004500
003 MACL
005 20160101171621.0
008 160101b xxu||||| |||| 00| 0 eng d
040 _aMACL
_cMACL
041 _aEnglish
082 _a370.6/DUT
100 _aDutta, S C
_925736
245 _aTraining of Social Education Workers
260 _bIndian Adult Education Association
_c1954
_aDelhi
650 _aEducation
_926772
942 _cBK
_k370.6/DUT
_2ddc
999 _c38920
_d38920